[Event "Madrid San Viator op 22nd"]
[Site "Madrid"]
[Date "2014.03.23"]
[Round "1"]
[White "Tolosana Esteban, Enrique"]
[Black "Vega De Alba, Miguel"]
[Result "1-0"]
[WhiteElo "1716"]
[BlackElo "1582"]
[PlyCount "55"]
[EventDate "2014.03.23"]
[EventType "swiss"]
[EventRounds "9"]
[EventCountry "ESP"]
[SourceTitle "EXT 2015"]
[Source "ChessBase"]
[SourceDate "2014.11.20"]
[SourceVersion "1"]
[SourceVersionDate "2014.11.20"]
[SourceQuality "1"]

1. e4 c6 2. d4 d5 3. Nc3 dxe4 4. Nxe4 Bf5 5. Ng3 Bg6 6. h4 h6 7. Bc4 Nf6 8. c3 e6 9. N1e2 Nbd7 10. Nf4 Bh7 11. Qe2 Qe7 12. 0-0 0-0-0 13. Nd3 Nd5 14. h5 N7f6 15. f4 Qc7 16. Ne5 Bd6 17. f5 exf5 18. Nxf5 Bxf5 19. Rxf5 g6 20. hxg6 Bxe5 21. dxe5 fxg6 22. Rxf6 Nxf6 23. exf6 Rhe8 24. Qg4+ Rd7 25. Be6 Rxe6 26. Qxe6 Qb6+ 27. Be3 Qxb2 28. Rd1 1-0

[Event "Villalba op 1st"]
[Site "Villalba"]
[Date "2013.08.03"]
[Round "8.11"]
[White "Tolosana Esteban, Enrique"]
[Black "Fernandez Aransay, Fernando"]
[Result "0-1"]
[WhiteElo "1767"]
[BlackElo "1889"]
[PlyCount "58"]
[EventDate "2013.07.27"]
[EventType "swiss"]
[EventRounds "9"]
[EventCountry "ESP"]
[SourceTitle "EXT 2024"]
[Source "ChessBase"]
[SourceDate "2023.10.10"]
[SourceVersion "1"]
[SourceVersionDate "2023.10.10"]
[SourceQuality "1"]

1. e4 c5 2. f4 d6 3. Bc4 Nc6 4. Nf3 g6 5. 0-0 Bg7 6. c3 e6 7. Qe1 Nge7 8. d3 0-0 9. Ng5 d5 10. Bb3 b5 11. Be3 c4 12. Bc2 Rb8 13. Nd2 b4 14. d4 bxc3 15. bxc3 Qa5 16. f5 exf5 17. exf5 Nxf5 18. Ndf3 Rb2 19. Bxf5 Bxf5 20. Nxh7 Re8 21. Ne5 Be4 22. Rf2 Rxf2 23. Qxf2 Bxe5 24. dxe5 Kxh7 25. Bd4 Qc7 26. Rf1 Kg8 27. Qg3 Nxd4 28. cxd4 Qe7 29. Qh3 Bd3 0-1

[Event "Villalba op 1st"]
[Site "Villalba"]
[Date "2013.07.30"]
[Round "4.29"]
[White "Folgar Lopez, Angel"]
[Black "Tolosana Esteban, Enrique"]
[Result "0-1"]
[WhiteElo "1574"]
[BlackElo "1767"]
[PlyCount "70"]
[EventDate "2013.07.27"]
[EventType "swiss"]
[EventRounds "9"]
[EventCountry "ESP"]
[SourceTitle "EXT 2024"]
[Source "ChessBase"]
[SourceDate "2023.10.10"]
[SourceVersion "1"]
[SourceVersionDate "2023.10.10"]
[SourceQuality "1"]

1. d4 Nf6 2. Nf3 g6 3. Bf4 Bg7 4. Nc3 d5 5. e3 0-0 6. Bd3 Nh5 7. Bg3 c5 8. Be5 f6 9. Bxb8 Rxb8 10. h3 cxd4 11. Nxd4 e5 12. Nb3 f5 13. Be2 Nf6 14. Qd2 Be6 15. 0-0-0 a6 16. Kb1 Qc7 17. h4 Rfd8 18. Qe1 b5 19. a3 Rdc8 20. h5 a5 21. Rd2 b4 22. axb4 axb4 23. Na4 Ne4 24. hxg6 hxg6 25. Ba6 Nxd2+ 26. Qxd2 Rd8 27. Nac5 Bc8 28. Bxc8 Qxc8 29. Qe2 Qc6 30. Qf3 Rb5 31. Qh3 Rxc5 32. Nxc5 Qxc5 33. Qh7+ Kf7 34. Rh6 Qc6 35. Rh3 Rh8 0-1

[Event "Madrid San Viator op 20th"]
[Site "Madrid"]
[Date "2013.04.21"]
[Round "3"]
[White "Apaza, Gabriela Erica"]
[Black "Tolosana Esteban, Enrique"]
[Result "0-1"]
[WhiteElo "1195"]
[BlackElo "1754"]
[PlyCount "70"]
[EventDate "2013.04.07"]
[EventType "swiss"]
[EventRounds "9"]
[EventCountry "ESP"]
[SourceTitle "EXT 2014"]
[Source "ChessBase"]
[SourceDate "2013.11.20"]
[SourceVersion "1"]
[SourceVersionDate "2013.11.20"]
[SourceQuality "1"]

1. d4 Nf6 2. Nf3 g6 3. e3 Bg7 4. Bd3 d6 5. Nbd2 Nbd7 6. 0-0 0-0 7. Re1 c5 8. c3 Qc7 9. e4 Nh5 10. Nf1 e5 11. d5 c4 12. Bc2 Nc5 13. Ne3 b5 14. b3 Nf4 15. g3 Nfd3 16. Bxd3 Nxd3 17. Re2 f5 18. Ng5 h6 19. Ne6 Bxe6 20. dxe6 fxe4 21. Nd5 Qc5 22. Ne7+ Kh7 23. b4 Qc7 24. Nd5 Qc8 25. Be3 Nf4 26. gxf4 exf4 27. Bxf4 Qxe6 28. Be3 Qh3 29. Qf1 Qg4+ 30. Kh1 Qf3+ 31. Kg1 Rf5 32. Ne7 Re5 33. Nc6 Rh5 34. Nd4 Bxd4 35. Bxd4 Rg5+ 0-1

[Event "Madrid San Viator op 19th"]
[Site "Madrid"]
[Date "2012.10.14"]
[Round "4"]
[White "Morona Minguez, Miguel"]
[Black "Tolosana Esteban, Enrique"]
[Result "1-0"]
[WhiteElo "1631"]
[BlackElo "1799"]
[PlyCount "79"]
[EventDate "2012.09.23"]
[EventType "swiss"]
[EventRounds "9"]
[EventCountry "ESP"]
[SourceTitle "EXT 2013"]
[Source "ChessBase"]
[SourceDate "2012.11.22"]
[SourceVersion "1"]
[SourceVersionDate "2012.11.22"]
[SourceQuality "1"]

1. e4 c5 2. Nf3 d6 3. d4 cxd4 4. Nxd4 Nf6 5. Nc3 g6 6. Be3 Bg7 7. Qd2 Ng4 8. Bb5+ Nd7 9. 0-0 0-0 10. f4 Nxe3 11. Qxe3 Qb6 12. Rad1 e5 13. Nd5 Qc5 14. b4 exd4 15. Qd3 a6 16. bxc5 Nxc5 17. Qa3 Bg4 18. Nb6 Rad8 19. Bc4 Bxd1 20. Rxd1 Nxe4 21. Qf3 Nc3 22. Re1 d3 23. Qxd3 Rfe8 24. Rxe8+ Rxe8 25. Qxd6 Bf8 26. Qd4 Ne4 27. Nd7 Bg7 28. Qd5 Re7 29. Ne5 Nc3 30. Qd8+ Bf8 31. Nd7 Rxd7 32. Qxd7 Bc5+ 33. Kf1 Kg7 34. Qxf7+ Kh6 35. g4 Be3 36. Be2 Nxe2 37. Kxe2 Bd4 38. Kf3 g5 39. fxg5+ Kxg5 40. Qd5+ 1-0

[Event "Madrid San Viator op 19th"]
[Site "Madrid"]
[Date "2012.09.30"]
[Round "2"]
[White "Perez Fajardo, Daniel"]
[Black "Tolosana Esteban, Enrique"]
[Result "1-0"]
[WhiteElo "1580"]
[BlackElo "1799"]
[PlyCount "128"]
[EventDate "2012.09.23"]
[EventType "swiss"]
[EventRounds "9"]
[EventCountry "ESP"]
[SourceTitle "EXT 2013"]
[Source "ChessBase"]
[SourceDate "2012.11.22"]
[SourceVersion "1"]
[SourceVersionDate "2012.11.22"]
[SourceQuality "1"]

1. d4 Nf6 2. c4 e6 3. Nc3 Bb4 4. a3 Bxc3+ 5. bxc3 b6 6. Nf3 Ba6 7. e3 Nc6 8. Bd3 Na5 9. 0-0 Bxc4 10. Re1 d5 11. Bc2 0-0 12. Ne5 Nd7 13. f4 f5 14. Nf3 Qf6 15. Nd2 Qh4 16. Nf3 Qh5 17. Qd2 Nb7 18. Bd1 Qh6 19. Be2 Nd6 20. Bxc4 Nxc4 21. Qe2 Nf6 22. Ne5 Nxe5 23. fxe5 Ne4 24. c4 c6 25. a4 Qg6 26. Rf1 a6 27. Ba3 Rfd8 28. Rfc1 Qe8 29. Bb4 c5 30. Be1 Qd7 31. Qb2 Rab8 32. Qa3 Qc7 33. Rab1 dxc4 34. Rxc4 b5 35. axb5 axb5 36. Rxc5 Nxc5 37. Ba5 Qa7 38. dxc5 Ra8 39. Ra1 Rdc8 40. Qb3 Qa6 41. Qb4 Qc6 42. Rc1 Ra6 43. Qd2 Rca8 44. Bb4 Qe4 45. Bc3 Ra2 46. Bb2 Rc8 47. Qd7 Qc6 48. Qd4 Rca8 49. h3 b4 50. Qxb4 R8a3 51. Rd1 Rxe3 52. Rd6 Qe4 53. Qb8+ Kf7 54. Qc7+ Kg6 55. Rxe6+ Kh5 56. Qf7+ Kh4 57. Qxg7 Qxg2+ 58. Qxg2 Rg3 59. Rh6+ Kg5 60. Qxg3+ Kxh6 61. Qc3 Ra6 62. c6 Ra8 63. c7 Rc8 64. e6 Kg5 1-0

[Event "Madrid Oliver Gonzalez Memorial-B 3rd"]
[Site "Madrid"]
[Date "2012.09.08"]
[Round "8"]
[White "Tolosana Esteban, Enrique"]
[Black "Romero Jaime, Pedro"]
[Result "1-0"]
[WhiteElo "1799"]
[BlackElo "1665"]
[PlyCount "65"]
[EventDate "2012.09.01"]
[EventType "swiss"]
[EventRounds "9"]
[EventCountry "ESP"]
[SourceTitle "CBM 150 Extra"]
[Source "ChessBase"]
[SourceDate "2012.10.19"]
[SourceVersion "1"]
[SourceVersionDate "2012.10.19"]
[SourceQuality "1"]

1. f4 e5 2. fxe5 d6 3. Nf3 Bf5 4. Nc3 dxe5 5. e4 Bg6 6. Bc4 Bc5 7. d3 Nc6 8. Na4 Qd6 9. Nxc5 Qxc5 10. c3 a5 11. Qe2 0-0-0 12. Be3 Qd6 13. 0-0-0 h6 14. Nh4 Bh7 15. Qg4+ Kb8 16. Qxg7 Nge7 17. Bxf7 Rdf8 18. Rhf1 Nd8 19. Bc4 Re8 20. Rf6 Qd7 21. Rxh6 b5 22. Bb3 a4 23. Bc2 Ne6 24. Qxe5 Nd8 25. Qc5 Nc8 26. Nf3 Ne6 27. Qb4 Nb6 28. Bxb6 cxb6 29. d4 Rc8 30. Ne5 Qg7 31. Rxe6 Qxg2 32. Rxb6+ Ka7 33. Qa5# 1-0

[Event "Madrid Oliver Gonzalez Memorial-B 3rd"]
[Site "Madrid"]
[Date "2012.09.04"]
[Round "4"]
[White "Tolosana Esteban, Enrique"]
[Black "Cortijo Manso, Luis"]
[Result "0-1"]
[WhiteElo "1799"]
[BlackElo "1534"]
[PlyCount "120"]
[EventDate "2012.09.01"]
[EventType "swiss"]
[EventRounds "9"]
[EventCountry "ESP"]
[SourceTitle "CBM 150 Extra"]
[Source "ChessBase"]
[SourceDate "2012.10.19"]
[SourceVersion "1"]
[SourceVersionDate "2012.10.19"]
[SourceQuality "1"]

1. e4 c5 2. f4 e6 3. Nf3 Nc6 4. Be2 d6 5. 0-0 Nf6 6. Nc3 Be7 7. a3 0-0 8. d4 cxd4 9. Nxd4 e5 10. Nf3 Ng4 11. Nd5 Nf6 12. Bd3 Bg4 13. h3 Bxf3 14. Qxf3 Rc8 15. Qg3 Re8 16. Nxe7+ Qxe7 17. f5 Nd4 18. Bh6 g6 19. fxg6 hxg6 20. Bg5 Nxe4 21. Bxe4 Ne2+ 22. Kh2 Nxg3 23. Bxe7 Nxf1+ 24. Rxf1 Rxe7 25. Rd1 Rd8 26. c4 b6 27. g4 Kg7 28. g5 Rc7 29. Bd5 Re7 30. Re1 f5 31. gxf6+ Kxf6 32. Re4 Rh8 33. Kg3 g5 34. Re2 Rh4 35. Rd2 Rd4 36. Rf2+ Rf4 37. Rd2 Rd4 38. Rf2+ Rf4 39. Re2 e4 40. a4 e3 41. b4 Rf2 42. Rxf2+ exf2 43. Kxf2 Kf5 44. Kf3 Re1 45. Bg8 Ra1 46. Bh7+ Kf6 47. Bc2 Rc1 48. Bd3 Ra1 49. Bc2 Ra3+ 50. Ke4 Rxh3 51. Kd5 Ke7 52. Bf5 Rh4 53. Bd3 Kd7 54. b5 Kc7 55. Be2 Rf4 56. Bd3 g4 57. Be4 g3 58. Bg2 Rf2 59. a5 Rxg2 60. c5 dxc5 0-1

[Event "Collado Villalba op-B 29th"]
[Site "Collado Villalba"]
[Date "2012.08.25"]
[Round "2"]
[White "Minguela Munoz, Bienvenido"]
[Black "Tolosana Esteban, Enrique"]
[Result "1-0"]
[WhiteElo "1880"]
[BlackElo "1761"]
[PlyCount "48"]
[EventDate "2012.08.24"]
[EventType "swiss"]
[EventRounds "9"]
[EventCountry "ESP"]
[SourceTitle "CBM 150 Extra"]
[Source "ChessBase"]
[SourceDate "2012.10.19"]
[SourceVersion "1"]
[SourceVersionDate "2012.10.19"]
[SourceQuality "1"]

1. d4 Nf6 2. c4 e6 3. Nf3 Bb4+ 4. Bd2 Be7 5. Nc3 d5 6. Qc2 c6 7. e3 Nbd7 8. Bd3 dxc4 9. Bxc4 b6 10. e4 Bb7 11. e5 Nd5 12. 0-0 h6 13. Qe4 b5 14. Bxd5 cxd5 15. Qg4 Qb6 16. Qxg7 0-0-0 17. Qxf7 Bg5 18. Nxg5 hxg5 19. Be3 b4 20. Na4 Qb5 21. Nc5 Nf8 22. Qxb7+ Qxb7 23. Nxb7 Kxb7 24. Bxg5 Rd7 1-0

[Event "Tres Cantos op 4th"]
[Site "Tres Cantos"]
[Date "2012.06.25"]
[Round "5"]
[White "Tolosana Esteban, Enrique"]
[Black "Santamaria Baeza, Adolfo"]
[Result "1-0"]
[WhiteElo "1718"]
[BlackElo "1934"]
[PlyCount "107"]
[EventDate "2012.06.21"]
[EventType "swiss"]
[EventRounds "9"]
[EventCountry "ESP"]
[SourceTitle "CBM 149 Extra"]
[Source "ChessBase"]
[SourceDate "2012.08.24"]
[SourceVersion "1"]
[SourceVersionDate "2012.08.24"]
[SourceQuality "1"]

1. e4 e5 2. Nf3 Nc6 3. Bb5 Qf6 4. 0-0 Bc5 5. c3 Nge7 6. b4 Bb6 7. Bb2 0-0 8. Na3 d6 9. Nc2 Ng6 10. Ne3 Nf4 11. d4 Ne7 12. c4 c6 13. Ba4 Neg6 14. c5 Bc7 15. d5 Rd8 16. Qb3 dxc5 17. bxc5 Rb8 18. Qc4 b5 19. cxb6 Rxb6 20. Bc3 Ba6 21. Qc5 Bxf1 22. Rxf1 Ne2+ 23. Kh1 Bd6 24. Qc4 Nxc3 25. Qxc3 Bb4 26. Qc4 c5 27. Nf5 Nf4 28. Bb3 g6 29. Nh6+ Kg7 30. Ng4 Qe7 31. Ngxe5 Re8 32. g3 Nh3 33. a3 Bxa3 34. Qc3 Qf6 35. Kg2 c4 36. Qxc4 Bd6 37. Nd7 Qd8 38. Nxb6 Nxf2 39. Rxf2 Qxb6 40. e5 Bxe5 41. Re2 f6 42. Nd4 Rb8 43. Ne6+ Kg8 44. Ba2 Bd6 45. Qc6 Qb4 46. Qd7 Bf8 47. d6 Kh8 48. Nxf8 Rxf8 49. Qe7 Qb8 50. Bd5 Qd8 51. Qxd8 Rxd8 52. Re6 a5 53. Bc6 Kg7 54. d7 1-0

[Event "Tres Cantos op 4th"]
[Site "Tres Cantos"]
[Date "2012.06.24"]
[Round "4"]
[White "Cortijo Manso, Luis"]
[Black "Tolosana Esteban, Enrique"]
[Result "0-1"]
[WhiteElo "1561"]
[BlackElo "1718"]
[PlyCount "66"]
[EventDate "2012.06.21"]
[EventType "swiss"]
[EventRounds "9"]
[EventCountry "ESP"]
[SourceTitle "CBM 149 Extra"]
[Source "ChessBase"]
[SourceDate "2012.08.24"]
[SourceVersion "1"]
[SourceVersionDate "2012.08.24"]
[SourceQuality "1"]

1. d4 Nf6 2. Nf3 g6 3. g3 Bg7 4. Bg2 0-0 5. 0-0 d6 6. c4 Na6 7. a3 Rb8 8. Nc3 c5 9. e3 Nc7 10. d5 b5 11. Nd2 Bd7 12. Re1 Qc8 13. Qe2 Ng4 14. e4 f5 15. f3 Bd4+ 16. Kh1 Nf2+ 17. Kg1 Nd3+ 18. Kf1 Nxe1 19. Kxe1 fxe4 20. Ncxe4 bxc4 21. Qxc4 Bh3 22. Bh1 Qa6 23. Qxa6 Nxa6 24. Rb1 Bd7 25. Ng5 Bf5 26. Nde4 c4 27. Ne6 Bxe6 28. dxe6 c3 29. b4 Nc5 30. Nxc5 dxc5 31. b5 c2 32. Rb3 c4 33. Rb4 Bc3+ 0-1

[Event "Madrid San Viator op 18th"]
[Site "Madrid"]
[Date "2012.05.27"]
[Round "8"]
[White "Tolosana Esteban, Enrique"]
[Black "Iturbide Arnedo, Oscar"]
[Result "0-1"]
[WhiteElo "1743"]
[BlackElo "2131"]
[PlyCount "110"]
[EventDate "2012.03.25"]
[EventType "swiss"]
[EventRounds "9"]
[EventCountry "ESP"]
[SourceTitle "EXT 2013"]
[Source "ChessBase"]
[SourceDate "2012.11.22"]
[SourceVersion "1"]
[SourceVersionDate "2012.11.22"]
[SourceQuality "1"]

1. e4 g6 2. d4 Bg7 3. f4 d5 4. e5 c5 5. Nf3 Nc6 6. c3 cxd4 7. Nxd4 Nh6 8. Na3 0-0 9. Be3 Nf5 10. Nxf5 Bxf5 11. Bd3 Bxd3 12. Qxd3 e6 13. 0-0 f6 14. Bc5 Rf7 15. exf6 Qxf6 16. Rae1 d4 17. Nb5 dxc3 18. Nxc3 b6 19. Qe4 Rc8 20. Bd6 Qd4+ 21. Qxd4 Bxd4+ 22. Kh1 e5 23. fxe5 Nxe5 24. Nd5 Rxf1+ 25. Rxf1 Kg7 26. b3 Ng4 27. h3 Nf2+ 28. Kh2 Rd8 29. Nc7 Kg8 30. Bg3 Ne4 31. Ne6 Nxg3 32. Kxg3 Be5+ 33. Kf3 Re8 34. Ng5 Rf8+ 35. Ke2 Rxf1 36. Kxf1 h6 37. Nf3 Bf6 38. Ke2 Kf7 39. Kd3 Ke6 40. Nd2 Kf5 41. Kc4 a6 42. Kd5 b5 43. Nf3 Kf4 44. Nd2 Be7 45. Kd4 h5 46. Ne4 g5 47. Nc3 Bf6+ 48. Kd3 Bxc3 49. Kxc3 Kg3 50. a4 bxa4 51. bxa4 Kxg2 52. Kb4 Kxh3 53. Ka5 g4 54. Kxa6 g3 55. Kb7 g2 0-1

[Event "Madrid San Viator op 17th"]
[Site "Madrid"]
[Date "2011.10.12"]
[Round "5"]
[White "Tolosana Esteban, Enrique"]
[Black "Plazuelo Pascual, Juan"]
[Result "1-0"]
[WhiteElo "1806"]
[BlackElo "1610"]
[PlyCount "55"]
[EventDate "2011.09.25"]
[EventType "swiss"]
[EventRounds "9"]
[EventCountry "ESP"]
[SourceTitle "EXT 2012"]
[Source "ChessBase"]
[SourceDate "2011.11.24"]
[SourceVersion "1"]
[SourceVersionDate "2011.11.24"]
[SourceQuality "1"]

1. e4 c6 2. d4 d5 3. Nc3 dxe4 4. Nxe4 Nd7 5. Bc4 Ngf6 6. f3 e6 7. Ne2 Nxe4 8. fxe4 Nb6 9. Bb3 c5 10. c3 Be7 11. 0-0 0-0 12. Be3 cxd4 13. cxd4 Bd7 14. Ng3 Bc6 15. Qg4 Kh8 16. Nh5 g6 17. Nf4 Bg5 18. d5 Bb5 19. Rf3 Bxf4 20. Qxf4 exd5 21. exd5 f6 22. Qd4 Kg7 23. a4 Bd7 24. Rd1 Bc8 25. g4 Nd7 26. g5 Qe7 27. gxf6+ Nxf6 28. Bg5 1-0

[Event "Madrid Oliver Gonzalez Memorial 1st"]
[Site "Madrid"]
[Date "2010.10.09"]
[Round "1"]
[White "Tolosana Esteban, Enrique"]
[Black "Vazquez Torres, Adrian"]
[Result "0-1"]
[WhiteElo "1772"]
[BlackElo "2160"]
[PlyCount "48"]
[EventDate "2010.10.09"]
[EventType "swiss"]
[EventRounds "9"]
[EventCountry "ESP"]
[SourceTitle "CBM 138 Extra"]
[Source "ChessBase"]
[SourceDate "2010.10.29"]
[SourceVersion "1"]
[SourceVersionDate "2010.10.29"]
[SourceQuality "1"]

1. e4 c5 2. Nf3 e6 3. d4 cxd4 4. Nxd4 a6 5. Nc3 Qc7 6. g3 Nf6 7. Bg2 Nc6 8. Be3 Bb4 9. Nde2 Ng4 10. Bf4 Qb6 11. 0-0 Bc5 12. Nd4 Nxf2 13. Rxf2 Bxd4 14. Qf3 Qxb2 15. Bc1 Bxf2+ 16. Kxf2 Qxa1 17. Qe3 Ne5 18. h3 Nd3+ 19. Qxd3 Qxc1 20. e5 Qa3 21. Qd4 0-0 22. g4 f6 23. exf6 Rxf6+ 24. Kg1 Qc1+ 0-1

[Event "Parla op 25th"]
[Site "Parla"]
[Date "2010.09.10"]
[Round "7"]
[White "Farinas Lucas, Juan Antonio"]
[Black "Tolosana Esteban, Enrique"]
[Result "0-1"]
[WhiteElo "1698"]
[BlackElo "1772"]
[PlyCount "112"]
[EventDate "2010.09.04"]
[EventType "swiss"]
[EventRounds "9"]
[EventCountry "ESP"]
[SourceTitle "CBM 138 Extra"]
[Source "ChessBase"]
[SourceDate "2010.10.29"]
[SourceVersion "1"]
[SourceVersionDate "2010.10.29"]
[SourceQuality "1"]

1. e4 Nc6 2. d4 d5 3. e5 Bf5 4. c3 e6 5. Bd3 Bxd3 6. Qxd3 Qh4 7. Be3 Qg4 8. g3 Qg6 9. Qxg6 hxg6 10. Nd2 0-0-0 11. 0-0-0 Na5 12. Bg5 Rd7 13. Ngf3 b5 14. Kc2 c5 15. b3 Nc6 16. Be3 c4 17. b4 Be7 18. a3 Rh3 19. Ng5 Bxg5 20. Bxg5 f6 21. exf6 gxf6 22. Be3 Rdh7 23. Nf3 g5 24. Rdg1 Nh6 25. Rg2 Ng4 26. Kd2 Ne7 27. Ke2 Nf5 28. Bc1 Nd6 29. Kf1 Ne4 30. Bb2 Ne3+ 31. fxe3 Nxg3+ 32. hxg3 Rxh1+ 33. Ng1 g4 34. Kf2 f5 35. Bc1 a6 36. Bb2 Kc7 37. Bc1 Kd6 38. Kf1 R7h2 39. Bd2 Rxg2 40. Kxg2 Rh7 41. Ne2 Ra7 42. Bc1 a5 43. Kf2 axb4 44. cxb4 Rh7 45. Kg2 Rc7 46. Nc3 Kc6 47. Kf2 Ra7 48. Kg2 Ra8 49. Kf2 Rb8 50. Kg2 Rb7 51. Kf2 Kd6 52. Kg2 e5 53. Kf2 Ke6 54. Kg2 f4 55. exf4 exd4 56. Nb1 c3 0-1